[Event "Fortaleza Alves Memorial 19th"]
[Site "Fortaleza"]
[Date "2014.05.18"]
[Round "6"]
[White "Correa, Licinio Crasso Ramo"]
[Black "Gomes da Silva Filho, Jose"]
[Result "1/2-1/2"]
[WhiteElo "1988"]
[BlackElo "1976"]
[PlyCount "40"]
[EventDate "2014.05.16"]
[EventType "swiss"]
[EventRounds "6"]
[EventCountry "BRA"]
[SourceTitle "CBM 160 Extra"]
[Source "ChessBase"]
[SourceDate "2014.07.01"]
[SourceVersion "1"]
[SourceVersionDate "2014.07.01"]
[SourceQuality "1"]

1. e4 c6 2. d4 d5 3. Nc3 dxe4 4. Nxe4 Nd7 5. Nf3 Ngf6 6. Ng3 e6 7. Bd3 c5 8. 0-0 Be7 9. c3 b6 10. Qe2 Bb7 11. Bd2 0-0 12. Rad1 Qc7 13. Ne5 Rad8 14. f4 cxd4 15. cxd4 Nd5 16. a3 N7f6 17. f5 Qd6 18. Nc4 Qd7 19. fxe6 fxe6 20. Rfe1 Nc7 1/2-1/2

[Event "Luiz Rego Memorial"]
[Site "Teresina"]
[Date "2012.03.16"]
[Round "2"]
[White "Gomes da Silva Filho, Jose"]
[Black "Luz, Edmundo Reis"]
[Result "0-1"]
[WhiteElo "1973"]
[BlackElo "2134"]
[PlyCount "54"]
[EventDate "2012.03.16"]
[EventType "swiss"]
[EventRounds "6"]
[EventCountry "BRA"]
[SourceTitle "CBM 147 Extra"]
[Source "ChessBase"]
[SourceDate "2012.04.24"]
[SourceVersion "1"]
[SourceVersionDate "2012.04.24"]
[SourceQuality "1"]

1. c4 c5 2. Nc3 g6 3. g3 Bg7 4. Bg2 Nc6 5. d3 Nf6 6. e4 0-0 7. Nge2 d6 8. 0-0 a6 9. h3 Rb8 10. Be3 b5 11. Qd2 Bd7 12. Rad1 e5 13. f4 Nd4 14. Nd5 bxc4 15. Bxd4 cxd4 16. dxc4 Nxd5 17. exd5 Qb6 18. Kh2 Qxb2 19. Qxb2 Rxb2 20. fxe5 Bxe5 21. Nc1 Rc2 22. Nd3 Bg7 23. Rc1 Rc3 24. Nb4 Rb8 25. Rxc3 dxc3 26. a3 a5 27. Nc6 Rb2 0-1